The economics of natural resource use / (Registro nro. 2746)

Detalles MARC
000 -CABECERA
Campo de control 00785cam a2200241 i 4500
005 - FECHA Y HORA DE LA ULTIMA TRANSACCION
Campo de control 20160131104243.0
008 - ELEMENTOS DE LONGITUD FIJA—INFORMACION GENERAL
Campo de control 970321s1998 maua b 001 0 eng
020 ## - ISBN
ISBN 0321014286
040 ## - FUENTE DE CATALOGACIÓN
Agencia catalogadora original DLC
Agencia transcriptora DLC
Agencia Modificadora DLC
-- CO-BoIAVH
041 ## - IDIOMA
Código de idioma para texto/pista de sonido o título separado Inglés
044 ## - PAÍS DE PUBLICACIÓN
País de publicación Estados Unidos
082 04 - NUMERO DE CLASIFICACION DECIMAL DEWEY
Número de clasificación 333.713
Número del ítem H33e
100 1# - ASIENTO PRINCIPAL--NOMBRE PERSONAL
Nombre personal Hartwick, John M.
9 (RLIN) 17256
245 14 - MENCION DE TITULO
Título The economics of natural resource use /
Mención de responsabilidad John M. Hartwick, Nancy D. Olewiler.
250 ## - MENCION DE EDICION
Mención de edición Segunda edición
260 ## - PUBLICACION, DISTRIBUCION, ETC. (PIE DE IMPRENTA)
Lugar de publicación, distribución, etc. Reading, Mass. :
Nombre del editor, distribuidor, etc. Addison-Wesley,
Fecha de publicación, distribución, etc. c1998.
300 ## - DESCRIPCION FISICA
Extensión xv, 432 páginas :
Otros detalles físicos ilustraciones ;
Dimensiones 25 cm.
504 ## - NOTA DE BIBLIOGRAFIA, ETC.
Nota de bibliografía Incluye referencias bibliográficas e índice.
650 14 - ASIENTO SECUNDARIO DE MATERIA - TERMINO TEMATICO
Término temático o nombre geográfico como elemento de entrada Recursos naturales
9 (RLIN) 56051
650 24 - ASIENTO SECUNDARIO DE MATERIA - TERMINO TEMATICO
Término temático o nombre geográfico como elemento de entrada Política ambiental
9 (RLIN) 56052
700 1# - ASIENTO SECUNDARIO - NOMBRE PERSONAL
Nombre personal Olewiler, Nancy D.,
Término de relación autor.
9 (RLIN) 17260
942 ## - ELEMENTOS ADICIONALES (KOHA)
Sistema de clasificación Dewey Decimal Classification
Tipo de ítem Libro
Existencias
Withdrawn status Lost status Sistema de Clasificación Damaged status No para préstamo Colección Inventariado Ubicación Permanente Ubicación actual Fecha de adquisición Fuente de Valor Valor Total Checkouts Número topográfico Inventario / Código de Barras Date last seen Ejemplar Price effective from Forma de adquisición Tipo de material
    Dewey Decimal Classification     General Inventariado 2017 Bogotá Bogotá 17/06/2002 Instituto 39000.00   LB-333.713 H33e 004940 04/12/2012 Ej. 1 04/12/2012 Compra Libro